La corrupción en el derecho comparado (Record no. 155577)

MARC details
000 -LEADER
fixed length control field 00685nam a22001937a 4500
005 - DATE AND TIME OF LATEST TRANSACTION
control field 20210615130906.0
008 - FIXED-LENGTH DATA ELEMENTS--GENERAL INFORMATION
fixed length control field 210423b ag ||||| |||| 00| 0 spa d
020 ## - INTERNATIONAL STANDARD BOOK NUMBER
International Standard Book Number 9509431664
050 04 - LIBRARY OF CONGRESS CALL NUMBER
Classification number K5261
Item number U24 1997
100 1# - MAIN ENTRY--PERSONAL NAME
Personal name Überhofen, Michael
245 13 - TITLE STATEMENT
Title La corrupción en el derecho comparado
Statement of responsibility, etc / Michael Überhofen.
250 ## - EDITION STATEMENT
Edition statement 1a ed.
260 ## - PUBLICATION, DISTRIBUTION, ETC. (IMPRINT)
Place of publication, distribution, etc Buenos Aires, República Argentina :
Name of publisher, distributor, etc Centro Interdisciplinario de Estudios sobre el Desarrollo latinoamericano :
-- Konrad -Adenauer- Stiftung,
Date of publication, distribution, etc 1997
300 ## - PHYSICAL DESCRIPTION
Extent 115 p. ;
Dimensions 21 cm.
504 ## - BIBLIOGRAPHY, ETC. NOTE
Bibliography, etc Incluye bibliografía
650 #7 - SUBJECT ADDED ENTRY--TOPICAL TERM
Source of heading or term lemb
Topical term or geographic name as entry element Corrupción administrativa
650 #7 - SUBJECT ADDED ENTRY--TOPICAL TERM
Source of heading or term lemb
Topical term or geographic name as entry element Derecho comparado
942 ## - ADDED ENTRY ELEMENTS (KOHA)
Source of classification or shelving scheme Biblioteca del Cogreso de los Estados Unidos
Koha item type Libro
Holdings
Estado de pérdida Fuente de clasificación Estado del daño No para préstamo Ubicación permanente Ubicación actual Apartado o colección Fecha de adquisición Edición Dependencia de educación superior (DES) Área del conocimiento Total Checkouts Clasificación Código de Barras Date last seen Número de copia Costo por reposición Tipo de recurso
  Biblioteca del Cogreso de los Estados Unidos     Biblioteca del Posgrado en Derecho Biblioteca del Posgrado en Derecho Colección Ernesto Villanueva 23/04/2021 1a ed. Derecho Ciencias Sociales y Administrativas   K5261 U24 1997 BPD000001613 23/04/2021 1 1.00 Libro